Statistics for Category Elimination - Elements

Click here to take the quiz!

General Stats

  • This quiz has been taken 263 times
  • The average score is 14 of 20

Answer Stats

Group#Category% Correct
Blue9Elements which have different letters
in their symbol and name...
92%
Purple33Elements not ending in -um or -ium ..
91%
Green6Alkali Metals...
91%
Blue6... which have an atomic number less than
80
90%
Green5... which have an atomic number between
8 and 103
86%
Purple9... with 8 or more letters in their name
85%
Green4... which weren't named after a country
85%
Green3... which doesn't start with R
84%
Blue3... is found in the body with quantities >1g
80%
Blue3... is a metal
79%
Green1... and is commonly bonded with chlorineSodium
78%
Purple6... which aren't halogens or noble gases
74%
Purple2... that have an atomic number lower than 8
70%
Orange8Elements with an atomic number higher
than 110...
59%
Blue1... but isn't an alkali metalIron
58%
Purple1... and isn't anywhere in the left side
of the periodic table
Nitrogen
58%
Orange5... which contain the letter N
55%
Orange3... which isn't named after a real person
47%
Orange3... within a named family
47%
Orange1... but is named after a U.S. stateTennessine
37%

Score Distribution

Percentile by Number Answered

Percent of People with Each Score

Your Score History

You have not taken this quiz